Регионална библиотека "Любен Каравелов" - Русе

Декоративное искусство Японии (Запис номер 210159)

MARC детайли
000 -Лидер
Контролно поле с фиксирана дължина 01650nkm a2200385 c 4500
003 - Код на организацията, давaща контролен номер
Контролно поле BLK
005 - Дата и час на последна редакция
Контролно поле 20180421002022.0
008 - Елементи от данни с фиксирана дължина
fixed length control field 180412b bul rap|r|||| r0| ||bulo|
010 ## - Наследен системен номер
LC control number KNG00162815000
040 ## - Източник на каталожния запис
Идентификатор на билиотеката - собственик на записа BLK
041 ## - Код за език
Код за езика на текст/звукозапис или на отделно заглавие Руски
Код за езика КДБФ Руски
080 ## - УДК
Текстов определител УДК Приложно изкуство. Художествени занаяти. Интериор. Дизайн. Играчки. Худож. пространствено оформление
УДК код - определител по УДК 745/749
УДК определител (520)
УДК - код + определител 745/749(520)
100 1# - Редна дума - Автор
Автор Николаева, Наталья Сергеевна
Авторска отговорност първи автор
R(LIN) 313656
139 ## - Редно поле
Редна дума Николаева, Наталья Сергеевна
Авторски знак Никол - Н 72
245 10 - Сведения за заглавието
Заглавие Декоративное искусство Японии
Редно поле (дума) Наталья Сергеевна Николаева.
257 ## - Страна на издаване
Страна на създаване/издаване СССР
260 ## - Област на издателските данни
-- Москва
Име на издателя, разпространителя и проч. Искусство
Година на издаване 1972
300 ## - Физическа характеристика
Страници 88 с., 122 с.
Илюстрации и др. ил.
Размери/Мащаб 29 см
380 ## - Жанр
Жанр Изкуство
500 ## - Общи забележки
Забележка Библиогр. с. 79-81. - Списък на ил. - Бел. към текст. - 10 000 тир.
650 #4 - Допълнително описание по предмет – тема
Основно описание – тема или топоним Изкуство, японско
9 (RLIN) 313595
650 #4 - Допълнително описание по предмет – тема
Основно описание – тема или топоним Художествени занаяти
9 (RLIN) 278025
651 #4 - Допълнително описание по предмет - топоним
Географско понятие Япония
9 (RLIN) 179845
653 ## - Ключова дума – ненормативна
Ключова дума декоративно изкуство
653 ## - Ключова дума – ненормативна
Ключова дума художествени занаяти
653 ## - Ключова дума – ненормативна
Ключова дума Япония
653 ## - Ключова дума – ненормативна
Ключова дума маски
653 ## - Ключова дума – ненормативна
Ключова дума нецке
653 ## - Ключова дума – ненормативна
Ключова дума битови предмети
852 ## - Местоположение
Форматна сигнатура Цб Гр А ІІ 1794
856 4# - Електронен адрес и достъп
Електронен формат pdf - файл
Път до файла /url/
856 4# - Електронен адрес и достъп
Електронен формат pdf - файл
Път до файла /url/
942 ## - АРТИКУЛИ
Вид на библиотечния материал Графични издания
Скрит в OPAC Не
944 ## - СЪЗДАВАНЕ И РЕДАКЦИЯ на ЗАПИСА
Създаване/Редакция Създаване
Дата на регистрацията/редакция 05.07.2014
Статус, дата на статуса 05.07.2014 - от С1,Р / 05.07.2014
Служител, извършил регистрацията/редакцията Камелия_Данева
944 ## - СЪЗДАВАНЕ И РЕДАКЦИЯ на ЗАПИСА
Създаване/Редакция Редакция
Дата на регистрацията/редакция 05.07.2014
Статус, дата на статуса 05.07.2014 - от С1,Р / 05.07.2014
Служител, извършил регистрацията/редакцията
999 ## - СИСТЕМНИ КОНТРОЛНИ НОМЕРА
Koha biblionumber 210159
Koha biblioitemnumber 210159
Наличности
Код за отписване Код за изгубен артикул Източник на класификационната схема Код за повреда Коз за рестрикции Код за отдаване Артикулен № Име на библиотеката - собственик Име на библиотеката, в която се намира в момента Статус (Текущо местоположение) Дата на вписване в системата Местоположение - отдел Цена в лева Инвентарен номер Систематично азбучна сигнатура Баркод Номер на екземпляра Цена в евро Служебна бележка Служебен тип на артикула
  Не е изгубен Universal Decimal Classification Не е повреден без рестрикции ползва се в читалня 361667 Регионална библиотека "Любен Каравелов" Русе Регионална библиотека "Любен Каравелов" Русе Отдел Изкуство - подръчен фонд 1972-01-01 Отдел Изкуство - подръчен фонд 3.97 127150 745/749/Н 72 120000127150 1 2.03 Дост: Pk Вид: Ф N: стар фонд Дата: 01.01.1972 Дата инв: 03.06.2015 Бележки инв: ГрИ2015 Графични издания
Vip Innovations Ltd, Rousse, Bulgaria 2025